[Event "Marmaris Karya IM 2018"]
[Site "Marmaris"]
[Date "2018.06.28"]
[Round "4.3"]
[White "Korneev, Oleg"]
[Black "Tanriverdi, Enes"]
[Result "1-0"]
[WhiteElo "2517"]
[BlackElo "2281"]
[Annotator "ChessBase"]
[PlyCount "109"]
[EventDate "2018.06.25"]
[EventCountry "TUR"]
[SourceTitle "playchess.com"]
[Source "ChessBase"]
[SourceQuality "1"]
[TimeControl "5400+30"]

1. d4 {[%emt 0:05:30]} d5 {[%emt 0:04:00]} 2. Nf3 {[%emt 0:01:30]} Nf6 {[%emt 0:00:30]} 3. Bf4 {[%emt 0:00:30]} e6 {[%emt 0:00:30]} 4. e3 {[%emt 0:00:00]} Bd6 {[%emt 0:00:30]} 5. Bg3 {[%emt 0:00:00]} O-O {[%emt 0:00:30]} 6. Nbd2 {[%emt 0:00:30]} c5 {[%emt 0:00:30]} 7. c3 {[%emt 0:00:30]} Nc6 {[%emt 0:02:30]} 8. Bb5 {[%emt 0:00:00]} Ne7 {[%emt 0:04:30]} 9. Bd3 {[%emt 0:00:00]} Ng6 {[%emt 0:12:30]} 10. Bxg6 {[%emt 0:01:30]} hxg6 {[%emt 0:00:30]} 11. Bxd6 {[%emt 0:00:30]} Qxd6 {[%emt 0:00:00]} 12. Ne5 {[%emt 0:00:30]} b5 {[%emt 0:01:00]} 13. Nb3 {[%emt 0:01:30]} c4 {[%emt 0:02:30]} 14. Nc5 {[%emt 0:05:30]} a5 {[%emt 0:05:30]} 15. h4 {[%emt 0:02:30]} b4 {[%emt 0:01:30]} 16. h5 {[%emt 0:10:30]} g5 {[%emt 0:03:30]} 17. h6 {[%emt 0:04:30]} g6 {[%emt 0:00:30]} 18. Qf3 {[%emt 0:04:30]} Nh7 {[%emt 0:00:00]} 19. Nxc4 {[%emt 0:00:30]} Qc7 {[%emt 0:07:00]} 20. Ne5 {[%emt 0:03:30]} f6 {[%emt 0:00:00]} 21. Nxg6 {[%emt 0:15:30]} Re8 {[%emt 0:00:00]} 22. Qh5 {[%emt 0:00:00]} Qf7 {[%emt 0:00:30]} 23. f4 {[%emt 0:01:00]} e5 {[%emt 0:01:30]} 24. fxe5 {[%emt 0:03:30]} Bf5 {[%emt 0:00:30]} 25. Nf4 {[%emt 0:00:30]} bxc3 {[%emt 0:00:30]} 26. bxc3 {[%emt 0:00:30]} fxe5 {[%emt 0:00:30]} 27. Qxf7+ {[%emt 0:00:30]} Kxf7 {[%emt 0:00:30]} 28. Nxd5 {[%emt 0:00:30]} exd4 {[%emt 0:00:00]} 29. O-O {[%emt 0:01:30]} Kg6 {[%emt 0:01:00]} 30. exd4 {[%emt 0:03:30]} Re2 {[%emt 0:01:30]} 31. Rfe1 {[%emt 0:05:30]} Rae8 {[%emt 0:00:30]} 32. Kf1 {[%emt 0:01:30]} Bg4 {[%emt 0:00:00]} 33. Nd3 {[%emt 0:05:30]} Kxh6 {[%emt 0:01:00]} 34. Ne5 {[%emt 0:03:30]} Rf8+ {[%emt 0:00:00]} 35. Kg1 {[%emt 0:00:00]} Rxe1+ {[%emt 0:00:00]} 36. Rxe1 {[%emt 0:00:00]} Be6 {[%emt 0:00:00]} 37. Ne3 {[%emt 0:01:30]} Nf6 {[%emt 0:02:00]} 38. c4 {[%emt 0:00:46]} g4 {[%emt 0:00:00]} 39. d5 {[%emt 0:01:58]} Bc8 {[%emt 0:00:00]} 40. d6 {[%emt 0:04:08]} g3 {[%emt 0:00:30]} 41. Nd5 {[%emt 0:02:17]} Nxd5 {[%emt 0:00:30]} 42. cxd5 {[%emt 0:01:55]} Rf5 {[%emt 0:00:00]} 43. d7 {[%emt 0:01:31]} Bxd7 {[%emt 0:00:00]} 44. Nxd7 {[%emt 0:00:34]} Rxd5 {[%emt 0:00:30]} 45. Nf6 {[%emt 0:00:22]} Rd2 {[%emt 0:00:30]} 46. Ne4 {[%emt 0:00:11]} Rxa2 {[%emt 0:00:00]} 47. Nxg3 {[%emt 0:00:07]} a4 {[%emt 0:00:00]} 48. Re5 {[%emt 0:00:51]} Kg6 {[%emt 0:00:30]} 49. Ra5 {[%emt 0:00:22]} Ra1+ {[%emt 0:00:30]} 50. Kf2 {[%emt 0:02:55]} a3 {[%emt 0:00:30]} 51. Ne2 {[%emt 0:00:37]} Kf6 {[%emt 0:00:30]} 52. Nc3 {[%emt 0:00:42]} Ke6 {[%emt 0:00:00]} 53. Nb5 {[%emt 0:00:25]} a2 {[%emt 0:00:00]} 54. Nd4+ {[%emt 0:03:04]} Kd6 {[%emt 0:00:30]} 55. Nc2 {[%emt 0:00:03]} 1-0

[Event "Marmaris Karya IM 2018"]
[Site "Marmaris"]
[Date "2018.06.28"]
[Round "4.4"]
[White "Benidze, Davit"]
[Black "Arda, Cagil Irmak"]
[Result "1-0"]
[WhiteElo "2487"]
[BlackElo "2257"]
[Annotator "TA"]
[PlyCount "51"]
[EventDate "2018.06.25"]
[EventCountry "TUR"]
[SourceTitle "playchess.com"]
[Source "ChessBase"]
[SourceQuality "1"]

{[%evp 23,51,-15,-19,-46,10,0,104,95,95,93,102,102,118,108,318,306,1291,1432,1088,1063,2402,2064,1491,1342,12821,6675,29996,29997,29997,29998]} 1. Nf3 Nf6 2. g3 d5 3. Bg2 c5 4. O-O Nc6 5. d3 e6 6. Nbd2 Be7 7. e4 Qc7 8. Re1 b6 9. Nf1 Bb7 {C00: French: Unusual White 2nd moves} 10. Bf4 Qd8 11. e5 Nd7 12. h4 h6 {LiveBook: 4 Games} 13. h5 Qc7 (13... b5 $15) 14. Ne3 $11 Nd4 $146 {[#]} (14... Qd8 $11) ({Predecessor:} 14... Qd8 15. c4 d4 16. Ng4 Bg5 17. Qd2 Bxf4 18. Qxf4 {1-0 (56) Popchev,M (2449)-Radojcic,S (2288) Vrnjacka Banja 2004}) 15. Nxd4 $1 $16 cxd4 {[#]} 16. Nxd5 $1 {[%mdl 512]} Bxd5 17. Bxd5 exd5 18. e6 {[%cal Be5e6,Be6d7][%mdl 32]} Bd6 $2 (18... Qb7 $16 {is a better defense.}) 19. exd7+ $18 Kf8 $2 (19... Kxd7 20. Qg4+ Kc6 21. Bxd6 Qxd6 22. Qxg7 f6) 20. Bxd6+ Qxd6 21. Qg4 g5 22. Re8+ Kg7 23. Qxd4+ f6 24. Rae1 {R1e7+ would kill now.} Kf7 {[#]} 25. R1e7+ $1 Qxe7 26. Qxd5+ {Precision: White = 83%, Black =  9%.} 1-0

[Event "Marmaris Karya IM 2018"]
[Site "Marmaris"]
[Date "2018.06.28"]
[Round "4.5"]
[White "Bagaturov, Giorgi"]
[Black "Unat, Can Haktan"]
[Result "1-0"]
[WhiteElo "2397"]
[BlackElo "2047"]
[Annotator "ChessBase"]
[PlyCount "87"]
[EventDate "2018.06.25"]
[EventCountry "TUR"]
[SourceTitle "playchess.com"]
[Source "ChessBase"]
[SourceQuality "1"]
[TimeControl "5400+30"]

1. d4 {[%emt 0:00:30]} Nf6 {[%emt 0:03:00]} 2. Nf3 {[%emt 0:00:00]} g6 {[%emt 0:00:00]} 3. c4 {[%emt 0:02:00]} Bg7 {[%emt 0:00:00]} 4. g3 {[%emt 0:00:30]} d5 {[%emt 0:01:30]} 5. Bg2 {[%emt 0:02:30]} O-O {[%emt 0:00:30]} 6. O-O {[%emt 0:02:30]} dxc4 {[%emt 0:00:00]} 7. Na3 {[%emt 0:00:30]} c3 {[%emt 0:00:00]} 8. bxc3 {[%emt 0:00:30]} c5 {[%emt 0:00:30]} 9. e3 {[%emt 0:00:30]} Nc6 {[%emt 0:00:00]} 10. Bb2 {[%emt 0:00:30]} Bf5 {[%emt 0:00:00]} 11. Qe2 {[%emt 0:01:30]} Qb6 {[%emt 0:00:30]} 12. Rfd1 {[%emt 0:03:30]} Rfd8 {[%emt 0:00:00]} 13. h3 {[%emt 0:03:30]} Rac8 {[%emt 0:10:00]} 14. c4 {[%emt 0:16:30]} Nb4 {[%emt 0:00:30]} 15. Ne1 {[%emt 0:10:30]} Na6 {[%emt 0:18:30]} 16. d5 {[%emt 0:14:30]} Ne4 {[%emt 0:11:30]} 17. Bxg7 {[%emt 0:00:30]} Kxg7 {[%emt 0:00:30]} 18. Nb5 {[%emt 0:01:30]} Nd6 {[%emt 0:00:30]} 19. e4 {[%emt 0:04:30]} Bd7 {[%emt 0:01:30]} 20. Nxd6 {[%emt 0:02:30]} exd6 {[%emt 0:02:30]} 21. Rab1 {[%emt 0:01:30]} Qc7 {[%emt 0:04:30]} 22. Qb2+ {[%emt 0:02:30]} Kg8 {[%emt 0:00:00]} 23. Qxb7 {[%emt 0:00:30]} Qa5 {[%emt 0:03:00]} 24. Qxa7 {[%emt 0:04:30]} Ba4 {[%emt 0:02:30]} 25. Rdc1 {[%emt 0:00:30]} Ra8 {[%emt 0:06:30]} 26. Qe7 {[%emt 0:04:30]} Nb4 {[%emt 0:02:30]} 27. Rb2 {[%emt 0:03:59]} Be8 {[%emt 0:05:30]} 28. Bf1 {[%emt 0:07:23]} Qa3 {[%emt 0:07:30]} 29. Rcb1 {[%emt 0:00:45]} Nxa2 {[%emt 0:05:24]} 30. Rb3 {[%emt 0:00:13]} Qa5 {[%emt 0:00:54]} 31. Ra1 {[%emt 0:01:43]} Qd2 {[%emt 0:01:12]} 32. Ra3 {[%emt 0:01:22]} Rxa3 {[%emt 0:05:47]} 33. Qxd8 {[%emt 0:00:06]} Kf8 {[%emt 0:01:24]} 34. Qxd6+ {[%emt 0:00:30]} Kg7 {[%emt 0:00:19]} 35. Qe5+ {[%emt 0:02:02]} f6 {[%emt 0:01:21]} 36. Qxe8 {[%emt 0:00:24]} Qb2 {[%emt 0:00:49]} 37. Qe7+ {[%emt 0:00:25]} Kg8 {[%emt 0:00:06]} 38. Qxc5 {[%emt 0:01:00]} Rc3 {[%emt 0:00:43]} 39. Rd1 {[%emt 0:01:10]} Qb3 {[%emt 0:00:16]} 40. Qd4 {[%emt 0:00:13]} Nc1 {[%emt 0:01:26]} 41. d6 {[%emt 0:00:11]} Rxg3+ {[%emt 0:00:30]} 42. fxg3 {[%emt 0:00:44]} Qxg3+ {[%emt 0:00:34]} 43. Ng2 {[%emt 0:00:04]} Nb3 {[%emt 0:00:38]} 44. Qd3 {[%emt 0:00:30]} 1-0

[Event "Marmaris Karya IM 2018"]
[Site "Marmaris"]
[Date "2018.06.29"]
[Round "5.1"]
[White "Can, Isik"]
[Black "Darban, Morteza"]
[Result "1/2-1/2"]
[WhiteElo "2396"]
[BlackElo "2312"]
[Annotator "TA"]
[PlyCount "112"]
[EventDate "2018.06.25"]
[EventCountry "TUR"]
[SourceTitle "playchess.com"]
[Source "ChessBase"]
[SourceQuality "1"]

{[%evp 22,112,64,60,68,51,56,48,49,51,52,37,60,48,52,50,54,31,31,31,31,16,15,5,11,0,0,0,0,0,0,0,7,0,0,0,13,14,14,0,14,0,0,0,0,0,10,0,0,0,0,0,0,0,0,-33,-34,-60,-21,-20,-19,-56,0,0,0,-59,0,-60,-37,-28,0,0,0,-27,-21,-35,-16,-23,-38,-203,-200,-273,-287,-236,-141,-339,-320,-452,-417,-436,-421,-952,-933]} 1. e4 d6 2. d4 g6 3. Nc3 c6 4. f4 d5 5. e5 h5 6. Nf3 Bg4 7. h3 Bxf3 {B06: Modern Defence} 8. Qxf3 e6 9. Be3 h4 10. Bd3 Nh6 11. O-O Nf5 12. Bf2 {LiveBook: 20 Games} a5 13. Ne2 {[%cal Bc3e2,Be2g1,Bg1f3][%mdl 32]} Na6 14. c3 Be7 15. Kh2 Kf8 $146 16. Rfb1 Kg7 17. Ng1 Qg8 18. Qe2 Qh7 19. a4 Rhc8 20. Nf3 Qh6 21. Qd2 c5 $1 22. Bc2 b6 23. Rg1 cxd4 24. Nxd4 Nxd4 25. Bxd4 ({Much weaker is} 25. Qxd4 Nb4 $15) 25... Bc5 26. Rgf1 Nb8 27. Qe3 Bxd4 28. Qxd4 Rc5 29. Bd3 Nc6 30. Qf2 Rd8 31. Bb5 Rb8 32. Rac1 Rc8 33. Qd2 Kg8 34. Qe3 Ne7 35. Bd3 Qh5 36. Be2 Qh6 37. Bg4 R8c6 38. b4 Rc4 39. Qd2 Rc8 40. Be2 R4c7 41. Bd3 Qh5 ({Black should play} 41... Qf8 $15) 42. Be2 Qh6 43. Bg4 (43. Bd3 $11) 43... Rc4 (43... Kg7 $15) 44. Kg1 (44. Be2 $11) 44... Kg7 45. Be2 R4c6 46. Ba6 Rb8 47. Bb5 Rcc8 48. bxa5 bxa5 49. c4 dxc4 50. Bxc4 $2 (50. Qxa5 $15 Nd5 51. Qa7 (51. Bxc4 Ne3 $17) (51. Rxc4 Rxc4 52. Bxc4 Ne3 $17)) 50... Rb4 $19 51. Ba2 {aiming for Rxc8.} Rxc1 $1 ({Weaker is} 51... Rxa4 52. Rxc8 Nxc8 53. Bxe6 $1 $16 {[%mdl 512]}) 52. Qxc1 {[#]} Rxa4 (52... Nf5 $1 $19 53. Bc4 Rxa4) 53. Qd2 $2 (53. Bb3 $17 Re4 54. Qc7) 53... Rb4 54. Qd7 (54. Kh2 $142) 54... Rxf4 55. Rxf4 Qxf4 56. Qxe7 {[#]} (56. Bxe6 $142 Qe3+ 57. Kf1 Qc1+ 58. Ke2) 56... Qd4+ $1 {[%mdl 32768] Precision: White = 29%, Black = 64%. . An unexpected result.} 1/2-1/2

[Event "Marmaris Karya IM 2018"]
[Site "Marmaris"]
[Date "2018.06.29"]
[Round "5.2"]
[White "Dedebas, Emre Emin"]
[Black "Korneev, Oleg"]
[Result "1-0"]
[WhiteElo "2336"]
[BlackElo "2517"]
[Annotator "TA"]
[PlyCount "87"]
[EventDate "2018.06.25"]
[EventCountry "TUR"]
[SourceTitle "playchess.com"]
[Source "ChessBase"]
[SourceQuality "1"]

{[%evp 17,87,34,39,35,49,49,34,35,43,29,60,54,54,58,50,53,67,58,54,54,56,56,66,45,67,43,58,76,58,59,94,86,90,78,93,86,110,102,100,106,213,210,210,200,201,188,159,201,214,180,188,184,1016,1008,1008,1008,2089,1754,7196,7124,6212,6319,6315,6075,29979,29980,29983,29984,29984,29985,29985,29986]} 1. d4 Nf6 2. c4 e6 3. Nf3 d5 4. Nc3 Nbd7 5. Bf4 dxc4 6. e3 Nd5 7. Bxc4 Nxf4 8. exf4 Be7 {D37: Queen's Gambit Declined: 5 Bf4} (8... Bd6 9. g3 Nb6 10. Bb3 Bd7 11. O-O O-O 12. Qd3 Bc6 13. Rad1 Bxf3 14. Qxf3 c6 15. f5 exf5 16. Qxf5 g6 17. Qf3 a5 18. d5 a4 19. dxc6 axb3 20. cxb7 Rxa2 21. Nxa2 bxa2 22. Qc6 {1-0 (22) Ding,L (2777)-Khismatullin,D (2632) Riadh 2017}) 9. O-O O-O {LiveBook: 9 Games} 10. Re1 Nb6 {White is slightly better.} 11. Bb3 Bd7 $146 ({Predecessor:} 11... c6 12. Qe2 Nd5 13. Nxd5 cxd5 14. Rad1 Bf6 15. Ne5 Bd7 16. g3 Bxe5 17. dxe5 {1-0 (29) Hansen,C (2610)-Koneru,H (2496) Esbjerg 2003}) 12. Ne5 Bf6 13. Ne4 Bxe5 14. dxe5 Bc6 15. Qh5 Bxe4 16. Rxe4 Nd5 17. Rd1 {Black must now prevent f5.} c6 18. f5 exf5 $1 19. Qxf5 g6 20. Qh3 (20. Qf3 {keeps more tension.} Re8 21. Qe2 Qc7 22. Bxd5 cxd5 23. Rxd5 Rad8 24. Rc4) 20... Qg5 21. Qg3 $36 {[%mdl 2048] White is pushing.} (21. Bxd5 {is interesting.} cxd5 22. f4 Qe7 23. Red4 Rfd8 24. Qd3) 21... Qxg3 22. hxg3 Rfd8 23. Red4 Rac8 24. g4 ({Reject} 24. Bxd5 cxd5 25. b4 (25. Rxd5 Rxd5 26. Rxd5 Rc1+ 27. Kh2 Rc2 $14) 25... Kf8 $14) 24... Rc7 25. f4 Rcd7 26. Kf2 Kg7 27. Kf3 Nb6 28. Ke4 f6 (28... a5 $16 {keeps fighting.}) 29. Rxd7+ $18 Rxd7 30. exf6+ $1 Kxf6 {[%mdl 4096] Endgame KRB-KRN} 31. g5+ Ke7 32. Rxd7+ Nxd7 $16 {KB-KN} 33. g4 Nc5+ {[#]} 34. Kd4 $1 {[%cal Rd4c5]} Nxb3+ $2 (34... b6 35. Bg8 Kf8) 35. axb3 $18 {KP-KP} Kd6 {[#]} 36. b4 $1 b6 37. f5 a6 38. Ke4 Kd7 39. Ke5 Ke7 40. b3 Kd7 41. Kf6 {White mates.} a5 42. bxa5 bxa5 43. Kg7 c5 44. f6 {Precision: White = 86%, Black = 31%.} 1-0

[Event "Marmaris Karya IM 2018"]
[Site "Marmaris"]
[Date "2018.06.29"]
[Round "5.3"]
[White "Tanriverdi, Enes"]
[Black "Benidze, Davit"]
[Result "1/2-1/2"]
[WhiteElo "2281"]
[BlackElo "2487"]
[Annotator "TA"]
[PlyCount "57"]
[EventDate "2018.06.25"]
[EventCountry "TUR"]
[SourceTitle "playchess.com"]
[Source "ChessBase"]
[SourceQuality "1"]

{[%evp 20,57,58,56,110,47,115,91,130,115,115,115,112,72,130,137,133,131,145,80,113,113,120,112,120,116,125,116,134,74,104,72,97,107,105,101,104,102,67,71]} 1. d4 {[%cal Bd2d4,Bd4d5][%mdl 32]} Nf6 2. c4 c5 3. d5 b5 4. cxb5 a6 5. bxa6 g6 6. Nc3 Bxa6 7. e4 Bxf1 8. Kxf1 d6 9. Nf3 Bg7 10. g3 O-O 11. Kg2 {LiveBook: 1033 Games} Ng4 {A59: Benko/Volga Gambit: White castles by hand} ({Black should try} 11... Qb6 $14) (11... Na6 12. Qe2 Qb6 13. Rd1 Qb7 14. Rb1 Nd7 15. Bg5 Rfe8 16. a3 Nc7 17. Qc2 Nb6 18. a4 Rac8 19. b3 e6 20. dxe6 Nxe6 {1-0 (27) Jakovenko,D (2714)-Zvjaginsev,V (2673) Moscow 2016}) 12. Qe2 $146 (12. h3 $16 Ne5 13. Nxe5 Bxe5 14. Qc2) ({Predecessor:} 12. h3 Ne5 13. Nxe5 Bxe5 14. Bh6 Re8 15. h4 Nd7 16. h5 Qb6 17. hxg6 hxg6 18. Rb1 Qb4 19. Bd2 {1-0 (67) Lizak,P (2415)-Hofmann,T (2162) Schwarzach 2014}) 12... Qc8 (12... Bxc3 $14 13. bxc3 Nd7) 13. a4 $16 Ne5 {White is better.} 14. Nxe5 Bxe5 15. Bg5 Re8 16. Rhc1 Nd7 (16... Na6 $142) 17. Nb5 Qb7 18. Ra2 f5 19. f4 (19. b3 $142) 19... Bf6 20. h4 $1 Bg7 21. Rd1 h6 22. exf5 Nf8 {[#]} 23. fxg6 $1 hxg5 24. hxg5 (24. fxg5 $142 Be5 25. Qe4) 24... Qd7 25. b3 {aiming for Qe4.} Nxg6 26. Nc7 {Hoping for Qe6+.} e5 27. Nxe8 Rxe8 {[#]} 28. Re1 $1 Rf8 {Threatening ...Rxf4.} 29. a5 {Precision: White = 67%, Black = 52%.} 1/2-1/2

[Event "Marmaris Karya IM 2018"]
[Site "Marmaris"]
[Date "2018.06.27"]
[Round "5.4"]
[White "Arda, Cagil Irmak"]
[Black "Bagaturov, Giorgi"]
[Result "0-1"]
[WhiteElo "2257"]
[BlackElo "2397"]
[Annotator "NA"]
[PlyCount "102"]
[EventDate "2018.06.25"]
[EventCountry "TUR"]
[SourceTitle "playchess.com"]
[Source "ChessBase"]
[SourceQuality "1"]
[TimeControl "5400+30"]

1. e4 {[%emt 0:00:30]} e6 {[%emt 0:01:00]} 2. d4 {[%emt 0:00:00]} d5 {[%emt 0:00:30]} 3. Nd2 {[%emt 0:00:00]} dxe4 {[%emt 0:00:30]} 4. Nxe4 {[%emt 0:00:30]} Nd7 {[%emt 0:00:30]} 5. Nf3 {[%emt 0:00:00]} Ngf6 {[%emt 0:00:30]} 6. Bg5 {[%emt 0:02:00]} Be7 {[%emt 0:00:30] LiveBook: 606 Games} 7. Nxf6+ {[%emt 0:00:30]} Nxf6 {[%emt 0:00:30]} 8. Be2 {[%emt 0:10:30]} O-O {[%emt 0:07:30] C10: French with 3 Nc3: Unusual Black 3rd moves and 3...dxe4} 9. O-O {[%emt 0:01:30]} c5 {[%emt 0:05:30]} (9... h6 10. Bh4 Nd5 {½-½ (10) Rios,C (2403)-Duran Vega,S (2360) Havana 2018}) 10. c3 {[%emt 0:10:30]} Qc7 {[%emt 0:07:30]} 11. dxc5 {[%emt 0:04:30]} Rd8 $146 {[%emt 0:08:30]} ({Predecessor:} 11... Qxc5 12. Be3 Qc7 13. Bd4 Nd7 14. Qa4 e5 15. Be3 Nc5 16. Qc2 {½-½ (48) Petuchov,S-Pokorny,P Czechia 1996}) 12. Qa4 {[%emt 0:01:30]} Bd7 {[%emt 0:05:30]} 13. Bb5 {[%emt 0:08:30]} Bxb5 {[%emt 0:15:30]} 14. Qxb5 {[%emt 0:00:00]} Qxc5 {[%emt 0:03:30]} 15. Qxc5 {[%emt 0:09:00]} Bxc5 {[%emt 0:00:30]} 16. Rad1 {[%emt 0:04:30]} Kf8 {[%emt 0:05:30]} 17. Ne5 {[%emt 0:11:30]} Ke8 {[%emt 0:04:30]} 18. Nc4 {[%emt 0:04:30]} b5 {[%emt 0:14:39]} 19. Na5 {[%emt 0:08:30]} Rxd1 {[%emt 0:01:11]} 20. Rxd1 {[%emt 0:00:30]} Ne4 {[%emt 0:00:26]} 21. Be3 {[%emt 0:01:30]} Bxe3 {[%emt 0:01:24]} 22. fxe3 {[%emt 0:00:30]} Rd8 {[%emt 0:03:11]} 23. Rxd8+ {[%emt 0:00:33]} Kxd8 {[%emt 0:00:05]} 24. Kf1 {[%emt 0:01:05]} Kc7 {[%emt 0:00:30]} 25. Ke2 {[%emt 0:00:13]} f5 {[%emt 0:01:33]} 26. Nb3 {[%emt 0:01:23]} e5 {[%emt 0:01:16]} 27. Nd2 {[%emt 0:05:09]} Nc5 {[%emt 0:00:46]} 28. Nf3 {[%emt 0:06:22]} Kd6 {[%emt 0:00:30]} 29. b3 {[%emt 0:01:04]} Ne4 {[%emt 0:00:30]} 30. Kd3 {[%emt 0:00:35]} Kd5 {[%emt 0:00:30]} 31. c4+ {[%emt 0:00:38]} bxc4+ {[%emt 0:00:30]} 32. bxc4+ {[%emt 0:00:32]} Kd6 {[%emt 0:00:30]} 33. Nd2 {[%emt 0:01:46]} Nxd2 {[%emt 0:00:39]} 34. Kxd2 {[%emt 0:00:03]} Kc5 {[%emt 0:00:11]} 35. Kc3 {[%emt 0:00:57]} g5 {[%emt 0:00:40]} 36. g3 {[%emt 0:03:34]} h5 {[%emt 0:03:08]} 37. Kd3 {[%emt 0:02:23]} Kb4 {[%emt 0:00:37]} 38. a3+ {[%emt 0:00:02]} Kc5 {[%emt 0:00:15]} 39. Kc3 {[%emt 0:01:13]} a5 {[%emt 0:01:09]} 40. Kd3 {[%emt 0:00:42]} a4 {[%emt 0:02:29]} 41. h4 {[%emt 0:00:41]} gxh4 {[%emt 0:02:59]} 42. gxh4 {[%emt 0:00:04]} f4 {[%emt 0:00:04]} 43. exf4 {[%emt 0:00:28]} exf4 $19 {[%emt 0:00:04]} 44. Ke4 {[%emt 0:00:06]} Kxc4 {[%emt 0:00:06]} 45. Kxf4 {[%emt 0:00:03]} Kb3 {[%emt 0:00:04]} 46. Kg5 {[%emt 0:00:06]} Kxa3 {[%emt 0:00:07]} 47. Kxh5 {[%emt 0:00:02]} Kb4 {[%emt 0:00:08]} 48. Kg6 {[%emt 0:00:11]} a3 {[%emt 0:00:04]} 49. h5 {[%emt 0:00:11]} a2 {[%emt 0:00:04]} 50. h6 {[%emt 0:00:05]} a1=Q {[%emt 0:00:05]} 51. Kh7 {[%emt 0:00:03]} Qf6 {[%emt 0:00:07]} 0-1

[Event "Marmaris Karya IM 2018"]
[Site "Marmaris"]
[Date "2018.06.27"]
[Round "5.5"]
[White "Unat, Can Haktan"]
[Black "Bivol, Alina"]
[Result "0-1"]
[WhiteElo "2047"]
[BlackElo "2365"]
[Annotator "NA"]
[PlyCount "106"]
[EventDate "2018.06.25"]
[EventCountry "TUR"]
[SourceTitle "playchess.com"]
[Source "ChessBase"]
[SourceQuality "1"]
[TimeControl "5400+30"]

{[%evp 11,100,12,32767,32767,32767,32767,32767,32767,32767,-17,32767,32767,32767,32767,-27,32767,32767,-43,-8,-78,-89,-107,-123,-121,-56,-70,32767,-31,-36,-77,8,-55,-59,-50,32767,-75,50,-31,-25,32767,-32,32767,12,32767,32767,32767,-20,32767,0,32767,32767,32767,10,-121,-123,32767,-89,-174,-157,-207,-231,-222,32767,-260,-297,32767,-298,-473,32767,-633,32767,32767,32767,32767,32767,32767,32767,32767,32767,32767,-778,-651,-844,32767,32767,32767,-832,32767,32767,-881,-897]} 1. e4 {[%emt 0:00:30]} e6 {[%emt 0:01:00]} 2. d4 {[%emt 0:00:00]} d5 {[%emt 0:00:00]} 3. exd5 {[%emt 0:00:00]} exd5 {[%emt 0:00:00]} 4. Nf3 {[%emt 0:00:30]} Nf6 {[%emt 0:02:30]} 5. Bd3 {[%emt 0:00:00]} c5 {[%emt 0:00:30]} 6. O-O {[%emt 0:04:00]} c4 {[%emt 0:00:30]} 7. Re1+ {[%emt 0:01:30]} Be7 {[%emt 0:00:00]} 8. Bf1 {[%emt 0:01:30]} O-O {[%emt 0:00:00] C01: Französische Verteidigung (Abtauschvariante)} 9. Nc3 {[%emt 0:02:30]} (9. Bg5) 9... Nc6 {[%emt 0:05:30]} 10. Ne5 {[%emt 0:01:30]} h6 $146 {[%emt 0:03:30]} ({Vorgänger:} 10... Qb6 11. Nxc6 {1-0 (11) Otikova,E (1928)-Kuechle,W (2048) Dresden 2014}) 11. g3 {[%emt 0:03:30]} Bb4 {[%emt 0:01:30]} 12. Nxc6 {[%emt 0:09:30]} bxc6 {[%emt 0:00:30]} 13. Bd2 {[%emt 0:01:30]} Bg4 {[%emt 0:11:30]} 14. f3 {[%emt 0:11:30]} Bh5 {[%emt 0:00:30]} 15. g4 {[%emt 0:17:30]} Bg6 {[%emt 0:00:30]} 16. Ne2 {[%emt 0:00:30]} Bd6 {[%emt 0:02:30]} 17. Bf4 {[%emt 0:00:30]} Be7 {[%emt 0:06:30]} (17... h5 $17 18. Bxd6 Qxd6) 18. Qd2 {[%emt 0:03:30]} Nh7 {[%emt 0:00:30]} 19. Bg2 {[%emt 0:01:30]} Qd7 {[%emt 0:04:30]} 20. Bg3 {[%emt 0:05:30] [#]} Rae8 {[%emt 0:00:30]} ({Black should play} 20... f5 $1 $17 21. Nf4 Bg5) 21. h4 {[%emt 0:02:30]} (21. Nf4 $11) 21... f5 {[%emt 0:11:30]} 22. Nf4 $1 {[%emt 0:01:30]} Bf7 {[%emt 0:02:30]} 23. Bh3 {[%emt 0:00:30]} Qb7 {[%emt 0:04:30]} (23... g5 $17 24. hxg5 hxg5) 24. c3 {[%emt 0:02:30]} ({White should play} 24. gxf5 $11 Qxb2 25. Rab1) 24... fxg4 {[%emt 0:00:30]} 25. Bxg4 {[%emt 0:01:30]} Bd6 {[%emt 0:02:30]} 26. Qg2 {[%emt 0:00:30]} Nf6 {[%emt 0:12:30]} (26... Qb8 $15 27. Nh5 Bxg3 28. Nxg3 Nf6) 27. Bf5 {[%emt 0:00:30]} Qb8 {[%emt 0:03:30]} 28. Qh2 {[%emt 0:02:30]} Rxe1+ {[%emt 0:01:30]} (28... c5 $17 29. dxc5 Bxc5+ 30. Kh1 Bd6) 29. Rxe1 {[%emt 0:00:30]} Re8 {[%emt 0:01:30]} 30. Rf1 {[%emt 0:06:05]} Qd8 {[%emt 0:01:30]} 31. Qf2 {[%emt 0:03:57]} Qe7 {[%emt 0:02:43]} (31... Qc7 $15 32. Qh2 c5) 32. Ne2 {[%emt 0:00:58] [#]} (32. Ng6 $11 {remains equal.} Bxg6 33. Bxg6) 32... Nh5 $1 {[%emt 0:02:51]} 33. Bxd6 {[%emt 0:04:34]} Qxd6 {[%emt 0:00:01]} 34. Re1 {[%emt 0:01:52]} Rb8 {[%emt 0:01:13]} 35. b4 {[%emt 0:00:51]} cxb3 {[%emt 0:00:25]} 36. axb3 {[%emt 0:00:04]} Rxb3 {[%emt 0:01:35]} 37. Qe3 {[%emt 0:00:18]} Qf6 {[%emt 0:02:35]} ({Not} 37... Rb2 38. Qe5 $17) 38. Nc1 {[%emt 0:01:24]} Rb7 {[%emt 0:01:43]} ({Less strong is} 38... Qxf5 39. Nxb3 Nf4 40. Qd2 $15) 39. Bc8 $2 {[%emt 0:02:31]} (39. Qe5 Qxh4 40. Nd3) 39... Rb8 {[%emt 0:00:42]} 40. Be6 $2 {[%emt 0:01:42]} (40. Bg4) 40... Bxe6 {[%emt 0:03:02]} 41. Qxe6+ {[%emt 0:00:02]} Qxe6 {[%emt 0:00:10]} 42. Rxe6 {[%emt 0:00:01]} Nf4 {[%emt 0:00:18]} 43. Re1 {[%emt 0:00:30]} Rb2 {[%emt 0:00:27]} 44. Kf1 {[%emt 0:00:58]} a5 {[%emt 0:00:24]} 45. Rd1 {[%emt 0:01:08]} a4 {[%emt 0:00:07]} 46. Re1 {[%emt 0:01:17]} Kf7 {[%emt 0:01:30]} 47. h5 {[%emt 0:00:41]} a3 {[%emt 0:00:32]} 48. Rd1 {[%emt 0:00:07]} a2 {[%emt 0:00:46]} 49. Nxa2 {[%emt 0:00:10]} Rxa2 {[%emt 0:00:07]} 50. Rb1 {[%emt 0:00:08]} Rc2 $19 {[%emt 0:00:13]} 51. Rb3 {[%emt 0:00:18]} Nxh5 {[%emt 0:00:29]} 52. Ke1 {[%emt 0:00:07]} Nf4 {[%emt 0:00:14]} 53. Kd1 {[%emt 0:00:06]} Re2 {[%emt 0:00:10]} 0-1